Managerial Accounting / Concepts for Planning,Control,Decision Making: Fifth Edition (Record no. 885)
[ view plain ]
| 000 -LEADER | |
|---|---|
| fixed length control field | 02316cam a22002174a 4500 |
| 005 - ΗΜΕΡΟΜΗΝΙΑ ΚΑΙ ΩΡΑ ΤΕΛΕΥΤΑΙΑΣ ΕΝΗΜΕΡΩΣΗΣ | |
| Πεδίο ελέγχου | 20250605163948.0 |
| 008 - FIXED-LENGTH DATA ELEMENTS--GENERAL INFORMATION | |
| Πεδίο ελέγχου σταθερού μήκους | 250528s ||||||||||||||||||||||||d |
| 035 ## - SYSTEM CONTROL NUMBER | |
| System control number | 15295 |
| 020 ## - ISBN | |
| ISBN | 256058334 |
| 040 ## - ΠΗΓΗ ΚΑΤΑΛΟΓΟΓΡΑΦΗΣΗΣ | |
| Φορέας πρωτότυπης καταλογογράφησης | MC Athens Campus Library |
| Γλώσσα καταλογογράφησης | Ελληνικά, Μοντέρνα (1453-) |
| Modifying agency | MC Athens Campus Library |
| Κανόνες περιγραφικής καταλογογράφησης | AACR2 |
| 245 1# - ΤΙΤΛΟΣ ΚΑΙ ΔΗΛΩΣΗ ΥΠΕΥΘΥΝΟΤΗΤΑΣ | |
| Τίτλος | Managerial Accounting / Concepts for Planning,Control,Decision Making: Fifth Edition |
| 250 ## - EDITION STATEMENT | |
| Edition statement | 5th |
| 260 ## - PUBLICATION, DISTRIBUTION, ETC. | |
| Name of publisher, distributor, etc. | Business Publications, |
| Date of publication, distribution, etc. | 1988 |
| 300 ## - PHYSICAL DESCRIPTION | |
| Extent | 890 |
| 505 0# - FORMATTED CONTENTS NOTE | |
| Formatted contents note | Managerial Accounting - A Persepective, The Foundation: Cost Terms and Concepts and Classifications, Systems Design: Job-Order Costing, Systems Design: Process Costing, Systems Design: JIT and Activity-Based Costing, The Central Theme: Planning and Control, Cost-Volume-Profit Relationships, Variable Costing: A Tool for Management, Profit Planning, Standard Costs and JIT/FMS Performance Measures, Flexible Budgets and Overhead Analysis, Segment Reporting and Profitability Analysis and Decentralization, The Capstone: Using Cost Data in Decision Making, Relevant Costs for Decision Making, Capital Budgeting Decisions, Further Aspects of Investment Decisions, Selected Topics for Further Study, Service Department Costing: An Activity Approach, How Well Am I Doing? Statement of Cash Flows, How Well Am I Doing? Financial Statement Analysis, Appendixes, Author and Subject Index. |
| 520 ## - SUMMARY, ETC. | |
| Summary, etc. | Managerial Accounting - A Persepective, The Foundation: Cost Terms and Concepts and Classifications, Systems Design: Job-Order Costing, Systems Design: Process Costing, Systems Design: JIT and Activity-Based Costing, The Central Theme: Planning and Control, Cost-Volume-Profit Relationships, Variable Costing: A Tool for Management, Profit Planning, Standard Costs and JIT/FMS Performance Measures, Flexible Budgets and Overhead Analysis, Segment Reporting and Profitability Analysis and Decentralization, The Capstone: Using Cost Data in Decision Making, Relevant Costs for Decision Making, Capital Budgeting Decisions, Further Aspects of Investment Decisions, Selected Topics for Further Study, Service Department Costing: An Activity Approach, How Well Am I Doing? Statement of Cash Flows, How Well Am I Doing? Financial Statement Analysis, Appendixes, Author and Subject Index. |
| 700 1# - ΠΡΟΣΘΕΤΗ ΑΝΑΓΡΑΦΗ--ΦΥΣΙΚΟ ΠΡΟΣΩΠΟ | |
| Personal name | Garrison Ray H |
| 9 (RLIN) | 1185 |
| 942 ## - ADDED ENTRY ELEMENTS (KOHA) | |
| Koha item type | Books |
| Τύπος τεκμηρίου | Βιβλιοθήκη | Τρέχουσα τοποθεσία | Barcode | Αριθμός εισαγωγής | Ημερομηνία απόκτησης | Ταξιθετικό σύμβολο | Αριθμός αντιτύπου | Κατάσταση απόσυρσης | Κατάσταση χαμένου | Κατάσταση κατεστραμμένου | Μη δανεισμός | Σύνολο δανεισμών | Ημερομηνία τελευταίας εμφάνισης | Η τιμή ισχύει από |
|---|---|---|---|---|---|---|---|---|---|---|---|---|---|---|
| Books | MC Athens Campus Library | MC Athens Campus Library | 9780000008848 | 1539 | 05/06/2025 | 658.15/11 GAR | 1 | 05/06/2025 | 05/06/2025 |